| 000 | 00759nam a2200229 a 4500 | ||
|---|---|---|---|
| 005 | 20210223130615.0 | ||
| 008 | 080918s1987 mx r 000 0 spa d | ||
| 035 | _aUPN01000159648 | ||
| 049 | _aUNE | ||
| 080 | _a371.6 (-77) =20 BRA No.23. | ||
| 100 | 1 | _aBray, Mark. | |
| 245 | 1 | 0 |
_aSchool clusters in the third world : _bmaking them work / _cMark Bray |
| 260 |
_aParis : _bUNESCO _bUNICEF, _c1987. |
||
| 300 |
_a147 p. ; _bil., map. |
||
| 440 | 0 |
_aChild, Family, Community ; _v23. |
|
| 690 | _aMapa escolar- Descentralizacion- Zonas rurales | ||
| 690 | _aAdministracion de la educacion- Mapa escolar- Zonas rurales | ||
| 690 | _aPaises en desarrollo- Mapa escolar- Zonas rurales | ||
| 710 | 2 | _aUNESCO | |
| 710 | 2 |
_aUNICEF. _924085 |
|
| 905 | _aUNESCO | ||
| 999 |
_c131762 _d131762 |
||